Prc̀tico Derechos Reales

Detalles Bibliográficos
Autor principal: Faus i Pujol, Manuel
Formato: eBook
Lenguaje:español
Materias:
Acceso en línea:Acceso restringido

MARC

LEADER 00000nam a22000007a 4500
005 20191018012733.0
007 cr|||| ||||
008 191018c20199999es n|w s|||| 0|||b1spa d
035 |a 22761 
040 |a vLex 
090 |c 9900  |d 9900 
100 1 |a Faus i Pujol, Manuel 
245 1 0 |a Prc̀tico Derechos Reales  |h [Recurso electrn̤ico] /  |c Manuel Faus i Pujol 
256 |a Servicio en ln̕ea 
300 |a 1 recurso electrn̤ico 
500 |a Obra con enfoque prc̀tico que aporta una visin̤ n̕tegra de todas las cuestiones relativas a los derechos reales tales como, la propiedad, la posesin̤, los derechos reales de goce, derechos de sobreedificacin̤ y subedificacin̤, la hipoteca y otros derechos de garanta̕. Incluye tambiň referencias a las distintas especialidades forales. El autor desarrolla la materia con constantes referencias a resoluciones judiciales y doctrinales, legislacin̤ y modelos de formularios actualizados conforme a las l︢timas reformas legislativas. 
506 1 |a Disponible solo en los productos indicados  |d vLex Global  |d vLex Global (Academic Edition, excluding Law Schools)  |d vLex Global (U.S. Academic Edition, Law Schools)  |d vLex Global (U.S. Academic Edition, excluding Law Schools)  |d vLex Global (Academic Edition, Law Schools) 
650 0 4 |a Derecho Civil  |z Espaą 
740 0 |a Prc̀ticos vLex (Servicio en ln̕ea) 
856 4 0 |u http://vlex.com/source/practico-derechos-reales-22761  |z Acceso restringido 
942 |c REV 
999 0 |a Civil Law